000 00627nam a22002297a 4500
003 UA-OsUOA
001 47301
007 ta
008 20070716b un ||||| |||| 00| 0 ukr d
100 _aЗализняк А.А.
700 _aЯнин В.Л.
090 _a94(477)
_bЗ-12
942 _cSA
040 _aUA-OsUOA
_brus
_cUA-OsUOA
_dUA-OsUOA
245 _aБерестяные грамоты из новгородских раскопок 2006 г.
300 _aС.3-11
955 _a0
041 _arus
080 _a94(477)
773 0 _w47300
650 7 _a9 Географія. Біографії. Історія
_2UDC
999 _c333400
_d333400